Gaming Quiz

Random Gaming Quiz

Youtubers By Profile Picture Quiz Stats

 Plays Quiz not verified by Sporcle

Challenge
Share
Tweet
Score 0/12 Timer 09:00
1 Play Today
Hint Answer % Correct
file:///F:/Seagate/copy/Thomas/Minecraft%20Photos/Minecraft%20People/YouTubers/Deadlox.pngDeadlox
88%
file:///F:/Seagate/copy/Thomas/Minecraft%20Photos/Minecraft%20People/YouTubers/BajanCanadian.pngBajanCanadian
79.1%
file:///F:/Seagate/copy/Thomas/Minecraft%20Photos/Minecraft%20People/YouTubers/SSundee.pngSSundee
78.8%
file:///F:/Seagate/copy/Thomas/Minecraft%20Photos/Minecraft%20People/YouTubers/ASFJerome.pngASFJerome
75.5%
file:///F:/Seagate/copy/Thomas/Minecraft%20Photos/Minecraft%20People/YouTubers/SkythekidRS.pngSkyDoesMinecraft
69%
file:///F:/Seagate/copy/Thomas/Minecraft%20Photos/Minecraft%20People/YouTubers/WeedLion.pngWeedLion
66.5%
file:///F:/Seagate/copy/Thomas/Minecraft%20Photos/Minecraft%20People/YouTubers/BlueMonkey.pngBlueMonkey
65.7%
file:///F:/Seagate/copy/Thomas/Minecraft%20Photos/Minecraft%20People/YouTubers/Bonkers.pngBonkers
61.3%
file:///F:/Seagate/copy/Thomas/Minecraft%20Photos/Minecraft%20People/YouTubers/TrueMU.pngMinecraftUniverse
33.7%
file:///F:/Seagate/copy/Thomas/Minecraft%20Photos/Minecraft%20People/YouTubers/HuskyMudkipper.pngHuskyMudkipz
23%
4.8%
file:///F:/Seagate/copy/Thomas/Minecraft%20Photos/Minecraft%20People/YouTubers/setosorcerer.pngsetosorecrer
0.9%

You're not logged in!

Compare scores with friends on all Sporcle quizzes.
OR
Log In

You Might Also Like...

Show Comments

Extras

Created Nov 13, 2013ReportNominate
Tags:profile, youtube

Top Quizzes Today


Score Distribution

Your Account Isn't Verified!

In order to create a playlist on Sporcle, you need to verify the email address you used during registration. Go to your Sporcle Settings to finish the process.

Report this User

Report this user for behavior that violates our Community Guidelines.

Details: